Conquistar la felicidad (Registro nro. 323807)

Detalles MARC
001 - NÚMERO DE CONTROL
campo de control 885035
005 - FECHA Y HORA DE LA ÚLTIMA TRANSACCIÓN
campo de control 20260506152806.0
008 - DATOS DE LONGITUD FIJA--INFORMACIÓN GENERAL
campo de control de longitud fija 040805e19770701 spa
035 ## - NÚMERO DE CONTROL DEL SISTEMA
Número de control de sistema 885035
035 ## - NÚMERO DE CONTROL DEL SISTEMA
Número de control de sistema (OCoLC)434598908
040 ## - FUENTE DE LA CATALOGACIÓN
Centro/agencia transcriptor comduadb
041 ## - CÓDIGO DE LENGUA
Código de lengua del texto/banda sonora o título independiente spa
082 #4 - NÚMERO DE LA CLASIFICACIÓN DECIMAL DEWEY
Número de clasificación 131
100 10 - ENTRADA PRINCIPAL--NOMBRE DE PERSONA
Nombre de persona Tordjman, Gilbert
Código de función aut
Término indicativo de función/relación Autor/a
9 (RLIN) 480820
245 10 - MENCIÓN DE TÍTULO
Título Conquistar la felicidad
260 ## - PUBLICACIÓN, DISTRIBUCIÓN, ETC.
Lugar de publicación, distribución, etc. Barcelona :
Nombre del editor, distribuidor, etc. Granica,
Fecha de publicación, distribución, etc. 1977.
300 ## - DESCRIPCIÓN FÍSICA
Extensión 236 páginas
650 #7 - PUNTO DE ACCESO ADICIONAL DE MATERIA--TÉRMINO DE MATERIA
Término de materia o nombre geográfico como elemento de entrada Felicidad
Fuente del encabezamiento o término lemb
9 (RLIN) 569
942 ## - ELEMENTOS DE ENTRADA AGREGADA (KOHA)
Tipo de ítem Koha Libros
Existencias
Estado de retiro Estado de pérdida Estado dañado No para préstamo Código de colección Localización permanente Ubicación/localización actual Fecha de adquisición Número de inventario Total de préstamos Signatura topográfica completa Código de barras Fecha visto por última vez Fecha del último préstamo Número de copia Precio válido a partir de Tipo de ítem Koha
        Colección General Biblioteca del Paraninfo, Campus Medellín Biblioteca del Paraninfo, Campus Medellín 05/08/2004 C833719 1 131.3 T677 0557410 12/12/2025 27/11/2025 1 25/04/2023 Libros